000 01321nam a2200253Ia 4500
999 _c53304
_d53304
001 20345
003 GE_BSU
005 20200927215624.0
008 181216s1983||||ge |||||||||||||| ||geo||
040 _cGE_BSU
041 _ageo
080 _a811.353.1(072) ბ -17
100 _aბათიაშვილი, ბარბარე
_99555
245 _aმასალის გამეორება ქართული ენის სწავლების პროცესში : IV-VIII კლ. :
_bმეთოდ. სახელმძღვ. მასწავლებელთათვის /
_cბარბარე ბათიაშვილი ; რედ. ლ. ბოჭორიშვილი.
264 _aთბილისი :
_bგანათლება,
_c1983.
300 _a139 გვ. ;
_c20 სმ.
504 _aბიბლიოგრაფია ტექსტის შენიშვნებში
541 _h50თ.
653 _aქართული ენა
653 _aქართული ენის სწავლების მეთოდიკა
653 _aგავლილი მასალის გამეორება
700 _aბოჭორიშვილი, ლ.
_eრედაქტორი
_92739
942 _cBK
_2udc